Mark J. Sedgwick Against the Modern World Traditionalism and the Secret Intellectual History of the Twentieth Century Oxford, New York : Oxford University Press, 2004, 370p. (notice n° 1604365)
[ vue normale ]
| 000 -LEADER | |
|---|---|
| fixed length control field | 00619cam a2200145 4500500 |
| 005 - DATE AND TIME OF LATEST TRANSACTION | |
| control field | 20251228093426.0 |
| 041 ## - LANGUAGE CODE | |
| Language code of text/sound track or separate title | fre |
| 042 ## - AUTHENTICATION CODE | |
| Authentication code | dc |
| 100 10 - MAIN ENTRY--PERSONAL NAME | |
| Personal name | Laruelle, Marlène |
| Relator term | author |
| 245 00 - TITLE STATEMENT | |
| Title | Mark J. Sedgwick Against the Modern World Traditionalism and the Secret Intellectual History of the Twentieth Century Oxford, New York : Oxford University Press, 2004, 370p. |
| 260 ## - PUBLICATION, DISTRIBUTION, ETC. | |
| Date of publication, distribution, etc. | 2005.<br/> |
| 500 ## - GENERAL NOTE | |
| General note | 50 |
| 786 0# - DATA SOURCE ENTRY | |
| Note | Cahiers du monde russe | Vol 46 | 4 | 2005-11-01 | p. 859zm-990zm | 1252-6576 |
| 856 41 - ELECTRONIC LOCATION AND ACCESS | |
| Uniform Resource Identifier | <a href="https://shs.cairn.info/revue-cahiers-du-monde-russe-2005-4-page-859zm?lang=fr&redirect-ssocas=7080">https://shs.cairn.info/revue-cahiers-du-monde-russe-2005-4-page-859zm?lang=fr&redirect-ssocas=7080</a> |
Pas d'exemplaire disponible.




Réseaux sociaux